The European Armed Forces in Transition : (Record no. 618963)

MARC details
000 -LEADER
fixed length control field 00531nam a2200193 a 4500
008 - FIXED-LENGTH DATA ELEMENTS--GENERAL INFORMATION
fixed length control field 260407s2005##################000#0#eng##
020 ## - INTERNATIONAL STANDARD BOOK NUMBER
ISBN 9783631533666
082 04 - DEWEY DECIMAL CLASSIFICATION NUMBER
Classification number 355.03354
Item number KER
100 1# - MAIN ENTRY--AUTHOR NAME
Personal name Kernic, Franz,
245 10 - TITLE STATEMENT
Title The European Armed Forces in Transition :
260 ## - PUBLICATION, DISTRIBUTION, ETC. (IMPRINT)
Name of publisher Peter Lang Pub Incorporated,
Year of publication 2005.
300 ## - PHYSICAL DESCRIPTION
Number of Pages 177 pages
650 #0 - SUBJECT ADDED ENTRY--TOPICAL TERM
Topical Term Political Science.
942 ## - ADDED ENTRY ELEMENTS (KOHA)
Koha item type English Books
Holdings
Withdrawn status Lost status Damaged status Not for loan Home library Current library Shelving location Date acquired Full call number Accession Number Price effective from Koha item type
        Anna Centenary Library Anna Centenary Library 4TH FLOOR, A WING 07.04.2026 355.03354 KER 215285 07.04.2026 English Books

Find us on the map